German History Revision - 10 - Statistics

General Stats
  • This quiz has been taken 12 times
  • The average score is 9 of 35
Answer Stats
Question Answer % Correct
How old was he when he became chancellor? 62
82%
Who became chancellor as a result of the August 1949 election? Konrad Adenauer
82%
How many hours did people work weekly, on average, by 1962? Consider that it was 49 in 1955. 45
64%
How much did the German GNP grow by in 1955? 12%
55%
As a result of this, how much did coal and steel production increase by between 1952-57? 44%
55%
After the pension reform in 1957, what was a person's pension of their final-year earnings? In Britain it was 29%. 60%
55%
What was the percentage of unemployment in 1950? 8.1%
55%
Any anti-democratic ... were banned in the constitution? Fill in the blank. Parties
55%
What percentage of families owned 35% of private wealth? 1.7%
45%
In Adenauer's foreign ministry, how many of the 49 senior members were former Nazi party members? 39
45%
How many people owned a fridge by 1962? Consider that in 1955, only 11% owned a fridge. 63%
45%
What is the name given to the constitution of the FRG? Basic Law
45%
What city was he mayor of? He was eventually stripped of this position by the Nazis for refusing to fly the swastika. Cologne
45%
Who was to be elected by a respresentative convention and had its powers limited? The President
45%
In what year did the FRG join NATO? 1955
36%
When was the 'Presidency Fiasco' which saw Adenauer refuse to become president despite initally stating that he would, which depicted him as unwilling to retire and give up power, making him look selfish and power-hungry? 1959
36%
When was full employment reached? 1958
27%
What was created in 1950 to agree common policies and lift restrictions on imports and exports of coal and steel between members? The members were the FRG, France, Italy andd Benelux. European Coal and Steel Community
9%
Which political party entered coaltion with the CDU and CSU after the 1961 election on the condition that Adenauer would step down soon? FDP
9%
Who was the financial minister during this period? Ludwig Erhard
9%
How many people, predominantly young and highly-trained refugees, left the GDR to the FRG? 3.6 million
0%
From 1951 to 1959, how much did production in all industries increase by? 79.8%
0%
From 1951 to 1959, how much did production in foods increase by? 80.5%
0%
When did Adenauer resign? April 1963
0%
What did the FRG join in 1952 which led to German rearmament? It was eventually replaced by the West European Union that allowed for a FRG army, rather than having one European army. European Defence Community
0%
What was created after the Treaty of Rome in 1957? It resulted in a 'common market', a customs union, and common policies on agriculture and fisheries. European Economic Community
0%
Who was criticised by Der Spiegal which published an article with information about planned NATO manoeuvres, prompting this individual to authorise a search of this papers offices and arrest some journalists? Franz-Joseph Strauss
0%
What did the FRG join in 1952 which was initially created in 1945 to stabilise exchange rates and supervise the world's international payment system. International Monetary Fund
0%
What law, passed in 1957, went a step further towards female emancipation, such as by allowing them to keep control of their property after marriage? Law of Equality of the Sexes
0%
What gave $1.5 billion to West Germany over a period of 4 years and provided aid in the form of industrial goods and money invested into businesses? Marshall Aid
0%
When did Adenauer visit Moscow in which he agreed to open up diplomatic relations with the USSR in exchange for 10,000 prisoners of war and 20,000 civilians still held in Russia since 1945. September 1955
0%
What agreement oversaw the reform of the education system? It covered the number of examination subjects, length of studies, holidays etc. It attempted to amend the educational weakness of the FRG that was disguised by the economic prosperity. The Dusseldorf Agreement
0%
What is the term given to the political doctrine by the FRG to not have any diplomatic relations with any state that officially recognised the GDR?` The Hallstein Doctrine
0%
What was the term given to the strategy of attracting the peoples of East Europe to turn their backs on communism and move to the West where they would support liberal democracy and capitalism? The 'Magnet Theory'
0%
What law created a works council for all employees of companies with more than 500 workers? Works' Construction Law
0%
No matching quizzes found
Score Distribution
Percent of People with Each Score
Percentile by Number Answered
Your Score History
You have not taken this quiz